Architettura recente nel Ticino, 1980-1995 : con un riassunto degli anni 1930-1980 = Neuere Architektur im Tessin, 1980-1995 : mit einer Zusammenfassung der Jahre 1930-1980 /
Saved in:
| Main Author: | |
|---|---|
| Other Authors: | , |
| Format: | Book |
| Language: | Italian |
| Published: |
Lugano :
ADV Pub. House,
c1996.
|
| Subjects: | |
| Tags: |
Add Tag
No Tags, Be the first to tag this record!
|
| LEADER | 01338nam a2200349Ia 4500 | ||
|---|---|---|---|
| 001 | 007724730-2 | ||
| 005 | 20020606104010.5 | ||
| 008 | 970910s1996 sz a 001 0 ita d | ||
| 020 | |a 887922011X | ||
| 035 | 0 | |a ocm37597116 | |
| 040 | |a VPI |c VPI |d C3L |d FLL | ||
| 041 | 0 | |a itager | |
| 043 | |a e-sz--- | ||
| 045 | |a x4x- | ||
| 050 | 0 | |a NA1349.T52 |b D58 1996 | |
| 050 | 4 | |a NA | |
| 082 | 1 | 4 | |a 720 |
| 100 | 1 | |a Disch, Peter. | |
| 245 | 1 | 0 | |a Architettura recente nel Ticino, 1980-1995 : |b con un riassunto degli anni 1930-1980 = Neuere Architektur im Tessin, 1980-1995 : mit einer Zusammenfassung der Jahre 1930-1980 / |c Peter Disch ; testi di Jacques Lucan, Paolo Fumagalli. |
| 246 | 3 | 1 | |a Neuere Architektur im Tessin, 1980-1995 |
| 260 | |a Lugano : |b ADV Pub. House, |c c1996. | ||
| 300 | |a 263 p. : |b ill. ; |c 25 cm. | ||
| 546 | |a Parallel text in Italian and German. | ||
| 504 | |a Includes bibliographical references and index. | ||
| 650 | 0 | |a Architecture, Modern |y 20th century |z Switzerland |z Ticino. | |
| 650 | 0 | |a Architecture |z Switzerland |z Ticino. | |
| 650 | 0 | |a Architecture, Modern |y 20th century. | |
| 700 | 1 | |a Lucan, Jacques. | |
| 700 | 1 | |a Fumagalli, Paolo. | |
| 776 | 0 | 8 | |i Online version: |a Disch, Peter. |t Architettura recente nel Ticino, 1980-1995. |d Lugano : ADV Pub. House, ©1996 |w (OCoLC)606989997 |
| 988 | |a 20020608 | ||
| 906 | |0 OCLC | ||


